[Event "WCO 2016"]
[Site "?"]
[Date "2016.09.13"]
[Round "11"]
[Board "23"]
[WhiteID "934054"]
[White "Klasan Vladimir"]
[BlackID "5900123"]
[Black "Antoniou Antonis"]
[Result "1-0"]
[BlackElo "2172"]
[WhiteElo "2401"]
[LiveChessVersion "1.4.8"]

1. e4 {[%clk 1:30:57]} d6 {[%clk 1:30:55]} 2. Bc4 {[%clk 1:31:19]} Nf6
{[%clk 1:31:04]} 3. d3 {[%clk 1:31:44]} g6 {[%clk 1:30:47]} 4. Nf3
{[%clk 1:31:17]} Bg7 {[%clk 1:31:12]} 5. Bb3 {[%clk 1:31:06]} O-O
{[%clk 1:30:42]} 6. O-O {[%clk 1:29:50]} e5 {[%clk 1:30:34]} 7. c3
{[%clk 1:27:33]} Nc6 {[%clk 1:30:29]} 8. Re1 {[%clk 1:25:09]} Nh5
{[%clk 1:30:28]} 9. h3 {[%clk 1:08:31]} Kh8 {[%clk 1:23:51]} 10. d4
{[%clk 1:07:26]} h6 {[%clk 1:15:18]} 11. dxe5 {[%clk 1:03:01]} dxe5
{[%clk 1:15:10]} 12. Qxd8 {[%clk 1:03:17]} Nxd8 {[%clk 1:15:35]} 13. Na3
{[%clk 1:00:06]} Ne6 {[%clk 0:50:12]} 14. Be3 {[%clk 0:46:03]} a6
{[%clk 0:37:34]} 15. Nc4 {[%clk 0:40:01]} f6 {[%clk 0:36:16]} 16. Na5
{[%clk 0:38:47]} Nhf4 {[%clk 0:35:22]} 17. Rad1 {[%clk 0:26:59]} b6
{[%clk 0:32:40]} 18. Nc4 {[%clk 0:18:55]} Bb7 {[%clk 0:30:06]} 19. Bxf4
{[%clk 0:19:04]} Nxf4 {[%clk 0:29:57]} 20. Rd7 {[%clk 0:19:05]} Rac8
{[%clk 0:29:34]} 21. Nxb6 {[%clk 0:15:11]} Rfd8 {[%clk 0:17:45]} 22. Red1
{[%clk 0:07:54]} Rxd7 {[%clk 0:18:05]} 23. Rxd7 {[%clk 0:08:12]} Bc6
{[%clk 0:14:18]} 24. Nxc8 {[%clk 0:07:08]} Bxd7 {[%clk 0:14:42]} 25. Ne7
{[%clk 0:07:22]} Bf8 {[%clk 0:02:54]} 26. Nd5 {[%clk 0:07:20]} Nxd5
{[%clk 0:03:15]} 27. Bxd5 {[%clk 0:07:22]} Bd6 {[%clk 0:03:17]} 28. Nd2
{[%clk 0:06:29]} c6 {[%clk 0:02:46]} 29. Bc4 {[%clk 0:05:16]} a5 {[%clk 0:02:21]}
30. Kf1 {[%clk 0:04:23]} f5 {[%clk 0:02:36]} 31. Ke2 {[%clk 0:03:47]} Kg7
{[%clk 0:02:52]} 32. a3 {[%clk 0:01:52]} Kf6 {[%clk 0:01:05]} 33. b4
{[%clk 0:01:20]} axb4 {[%clk 0:01:05]} 34. cxb4 {[%clk 0:01:29]} g5
{[%clk 0:01:23]} 35. exf5 {[%clk 0:01:30]} Bxf5 {[%clk 0:01:51]} 36. Bd3
{[%clk 0:01:40]} h5 {[%clk 0:00:35]} 37. Bxf5 {[%clk 0:01:16]} Kxf5
{[%clk 0:01:04]} 38. Ke3 {[%clk 0:01:08]} g4 {[%clk 0:01:17]} 39. hxg4+
{[%clk 0:01:15]} hxg4 {[%clk 0:00:51]} 40. Ne4 {[%clk 0:31:30]} Bf8
{[%clk 0:30:37]} 41. g3 {[%clk 0:21:32]} Bh6+ {[%clk 0:16:13]} 42. Kd3
{[%clk 0:21:55]} Bc1 {[%clk 0:16:36]} 43. a4 {[%clk 0:22:15]} Ba3
{[%clk 0:16:29]} 44. a5 {[%clk 0:22:34]} 1-0

[Event "WCO 2016"]
[Site "?"]
[Date "2016.09.13"]
[Round "11"]
[Board "24"]
[WhiteID "5904358"]
[White "Demosthenous Andreas"]
[BlackID "2029081"]
[Black "Janchivnyambuu Enkhbayar"]
[Result "1-0"]
[BlackElo "2049"]
[WhiteElo "1983"]
[LiveChessVersion "1.4.8"]

1. e4 {[%clk 1:30:55]} c5 {[%clk 1:30:48]} 2. Nf3 {[%clk 1:31:19]} Nc6
{[%clk 1:31:04]} 3. d4 {[%clk 1:31:43]} cxd4 {[%clk 1:31:25]} 4. Nxd4
{[%clk 1:32:05]} Nf6 {[%clk 1:31:44]} 5. Nc3 {[%clk 1:32:28]} e5 {[%clk 1:31:49]}
6. Ndb5 {[%clk 1:32:40]} d6 {[%clk 1:32:09]} 7. Nd5 {[%clk 1:32:43]} Nxd5
{[%clk 1:32:19]} 8. exd5 {[%clk 1:33:06]} Nb8 {[%clk 1:32:25]} 9. Qf3
{[%clk 1:33:04]} Be7 {[%clk 1:31:26]} 10. Qc3 {[%clk 1:32:56]} Na6
{[%clk 1:30:52]} 11. Be3 {[%clk 1:32:54]} O-O {[%clk 1:20:47]} 12. Nxa7
{[%clk 1:31:35]} f5 {[%clk 1:20:02]} 13. Bxa6 {[%clk 1:26:27]} f4
{[%clk 1:16:09]} 14. Bd2 {[%clk 1:20:28]} Rxa7 {[%clk 1:12:52]} 15. Bd3
{[%clk 1:19:45]} Bf6 {[%clk 1:07:46]} 16. Be4 {[%clk 1:18:28]} b6
{[%clk 1:06:13]} 17. Qd3 {[%clk 1:17:32]} g5 {[%clk 1:02:12]} 18. h3
{[%clk 1:14:24]} Qc7 {[%clk 1:02:03]} 19. c4 {[%clk 1:12:55]} Kh8
{[%clk 0:59:10]} 20. b3 {[%clk 1:11:20]} Kg8 {[%clk 0:57:08]} 21. f3
{[%clk 1:10:26]} Qc5 {[%clk 0:55:35]} 22. Ke2 {[%clk 1:08:35]} Ba6
{[%clk 0:53:43]} 23. a4 {[%clk 1:08:25]} Kh8 {[%clk 0:49:08]} 24. Be1
{[%clk 1:03:08]} Rg7 {[%clk 0:48:33]} 25. g4 {[%clk 1:01:05]} fxg3
{[%clk 0:41:57]} 26. Bxg3 {[%clk 1:01:06]} Bc8 {[%clk 0:39:51]} 27. Bf2
{[%clk 1:00:18]} Qc7 {[%clk 0:38:09]} 28. Be3 {[%clk 0:58:05]} Bd8
{[%clk 0:37:52]} 29. Rag1 {[%clk 0:55:14]} Qf7 {[%clk 0:37:46]} 30. Rg3
{[%clk 0:54:05]} Qh5 {[%clk 0:36:20]} 31. Qd2 {[%clk 0:48:24]} Qh4
{[%clk 0:32:09]} 32. Bf2 {[%clk 0:44:43]} Rgf7 {[%clk 0:29:23]} 33. Rhg1
{[%clk 0:40:15]} Qxe4+ {[%clk 0:18:57]} 34. fxe4 {[%clk 0:40:26]} Rxf2+
{[%clk 0:19:18]} 35. Ke3 {[%clk 0:40:35]} Rxd2 {[%clk 0:19:32]} 36. Kxd2
{[%clk 0:41:01]} Rf2+ {[%clk 0:19:38]} 37. Kc3 {[%clk 0:41:04]} Re2
{[%clk 0:17:35]} 38. Rf1 {[%clk 0:40:44]} Kg7 {[%clk 0:17:51]} 39. Rgf3
{[%clk 0:40:07]} Bxh3 {[%clk 0:14:22]} 40. Rxh3 {[%clk 1:09:54]} g4
{[%clk 0:43:51]} 41. Rh5 {[%clk 1:05:28]} Rxe4 {[%clk 0:43:08]} 42. Rfh1
{[%clk 1:02:57]} Re3+ {[%clk 0:30:55]} 43. Kc2 {[%clk 1:01:22]} Rh3
{[%clk 0:25:48]} 44. R5xh3 {[%clk 1:01:10]} gxh3 {[%clk 0:26:10]} 45. Rxh3
{[%clk 1:01:34]} Kg6 {[%clk 0:26:35]} 46. Kd3 {[%clk 1:01:36]} h5
{[%clk 0:26:55]} 47. Ke4 {[%clk 1:01:37]} h4 {[%clk 0:26:46]} 48. Rh1
{[%clk 1:00:04]} Kh5 {[%clk 0:26:00]} 49. Kf5 {[%clk 0:54:45]} Bg5
{[%clk 0:25:49]} 50. b4 {[%clk 0:45:57]} Bd2 {[%clk 0:21:36]} 51. c5
{[%clk 0:44:36]} bxc5 {[%clk 0:18:17]} 52. bxc5 {[%clk 0:44:50]} dxc5
{[%clk 0:18:41]} 53. Kxe5 {[%clk 0:41:59]} Ba5 {[%clk 0:18:44]} 54. Kf5
{[%clk 0:36:02]} c4 {[%clk 0:17:46]} 55. d6 {[%clk 0:32:19]} c3 {[%clk 0:17:08]}
56. d7 {[%clk 0:32:29]} c2 {[%clk 0:15:58]} 57. Rc1 {[%clk 0:32:37]} h3
{[%clk 0:15:16]} 58. Rxc2 {[%clk 0:33:00]} Kh4 {[%clk 0:15:19]} 59. Ke6
{[%clk 0:32:41]} 1-0

[Event "WCO 2016"]
[Site "?"]
[Date "2016.09.13"]
[Round "11"]
[Board "25"]
[WhiteID "7400179"]
[White "Elliott Warren"]
[BlackID "14300249"]
[Black "Cawdery Daniel"]
[Result "1/2-1/2"]
[BlackElo "2416"]
[WhiteElo "2238"]
[LiveChessVersion "1.4.8"]

1. e4 {[%clk 1:30:54]} c5 {[%clk 1:30:57]} 2. Nf3 {[%clk 1:31:07]} Nc6
{[%clk 1:30:49]} 3. d4 {[%clk 1:31:06]} cxd4 {[%clk 1:31:08]} 4. Nxd4
{[%clk 1:31:29]} Nf6 {[%clk 1:31:13]} 5. Nc3 {[%clk 1:31:42]} e5 {[%clk 1:31:37]}
6. Ndb5 {[%clk 1:31:39]} d6 {[%clk 1:32:00]} 7. Bg5 {[%clk 1:31:41]} a6
{[%clk 1:31:40]} 8. Na3 {[%clk 1:32:06]} b5 {[%clk 1:32:07]} 9. Nd5
{[%clk 1:30:01]} Be7 {[%clk 1:32:17]} 10. Bxf6 {[%clk 1:30:15]} Bxf6
{[%clk 1:32:43]} 11. c3 {[%clk 1:27:53]} O-O {[%clk 1:32:03]} 12. Nc2
{[%clk 1:27:38]} Rb8 {[%clk 1:28:39]} 13. h4 {[%clk 1:24:13]} Be7
{[%clk 1:28:03]} 14. Bd3 {[%clk 1:16:12]} Be6 {[%clk 1:25:36]} 15. Nce3
{[%clk 1:15:21]} Qd7 {[%clk 1:21:00]} 16. a4 {[%clk 1:00:23]} Bd8
{[%clk 1:19:13]} 17. axb5 {[%clk 1:00:29]} axb5 {[%clk 1:19:42]} 18. b4
{[%clk 0:57:01]} Ne7 {[%clk 1:18:08]} 19. Qb3 {[%clk 0:50:46]} Kh8
{[%clk 1:17:07]} 20. g3 {[%clk 0:38:52]} Qb7 {[%clk 1:00:55]} 21. c4
{[%clk 0:33:27]} bxc4 {[%clk 0:37:52]} 22. Bxc4 {[%clk 0:32:42]} Bxd5
{[%clk 0:30:38]} 23. Nxd5 {[%clk 0:24:53]} Nxd5 {[%clk 0:31:04]} 24. Bxd5
{[%clk 0:25:07]} Qb5 {[%clk 0:29:51]} 25. Qa4 {[%clk 0:17:22]} Qd3
{[%clk 0:28:16]} 26. Qa3 {[%clk 0:17:21]} Qd4 {[%clk 0:21:17]} 27. O-O
{[%clk 0:11:39]} Rxb4 {[%clk 0:21:35]} 28. Rab1 {[%clk 0:07:44]} Rxb1
{[%clk 0:19:18]} 29. Rxb1 {[%clk 0:08:12]} Bb6 {[%clk 0:19:07]} 30. Qb2
{[%clk 0:08:35]} Qxb2 {[%clk 0:14:50]} 31. Rxb2 {[%clk 0:09:03]} Bd4
{[%clk 0:14:33]} 32. Rb7 {[%clk 0:02:37]} f6 {[%clk 0:14:39]} 33. Kg2
{[%clk 0:02:56]} g6 {[%clk 0:14:40]} 34. Rf7 {[%clk 0:03:04]} Rxf7
{[%clk 0:13:22]} 35. Bxf7 {[%clk 0:03:33]} Kg7 {[%clk 0:13:26]} 36. Bd5
{[%clk 0:04:01]} f5 {[%clk 0:13:44]} 37. f3 {[%clk 0:04:26]} f4 {[%clk 0:12:59]}
38. g4 {[%clk 0:03:30]} Bb6 {[%clk 0:11:14]} 39. Kh3 {[%clk 0:03:44]} Bf2
{[%clk 0:10:47]} 40. g5 {[%clk 0:33:34]} 1/2-1/2

[Event "WCO 2016"]
[Site "?"]
[Date "2016.09.13"]
[Round "11"]
[Board "26"]
[WhiteID "14300141"]
[White "Kobese Watu"]
[BlackID "7400519"]
[Black "Davy Damion"]
[Result "1-0"]
[BlackElo "2117"]
[WhiteElo "2350"]
[LiveChessVersion "1.4.8"]

1. e4 {[%clk 1:30:56]} c5 {[%clk 1:30:50]} 2. Nf3 {[%clk 1:31:19]} e6
{[%clk 1:31:14]} 3. d4 {[%clk 1:31:44]} cxd4 {[%clk 1:31:39]} 4. Nxd4
{[%clk 1:32:09]} Nc6 {[%clk 1:31:55]} 5. Nc3 {[%clk 1:32:20]} Qc7
{[%clk 1:32:20]} 6. Be2 {[%clk 1:32:34]} a6 {[%clk 1:32:43]} 7. O-O
{[%clk 1:32:58]} b5 {[%clk 1:33:10]} 8. Nxc6 {[%clk 1:32:24]} dxc6
{[%clk 1:33:28]} 9. a4 {[%clk 1:32:17]} b4 {[%clk 1:31:53]} 10. Nb1
{[%clk 1:32:39]} Nf6 {[%clk 1:30:15]} 11. Nd2 {[%clk 1:23:37]} e5
{[%clk 1:26:10]} 12. Bc4 {[%clk 1:19:34]} Be7 {[%clk 1:25:29]} 13. a5
{[%clk 1:18:31]} O-O {[%clk 1:24:42]} 14. Qe2 {[%clk 1:18:26]} Rd8
{[%clk 1:19:57]} 15. Nb3 {[%clk 1:18:28]} c5 {[%clk 1:16:17]} 16. Bg5
{[%clk 1:14:41]} Bb7 {[%clk 1:12:31]} 17. Bxf6 {[%clk 1:07:20]} Bxf6
{[%clk 1:12:52]} 18. Rad1 {[%clk 1:06:14]} h6 {[%clk 1:01:50]} 19. f3
{[%clk 1:04:54]} Be7 {[%clk 1:01:04]} 20. Rxd8+ {[%clk 1:03:09]} Rxd8
{[%clk 0:59:42]} 21. Rd1 {[%clk 1:03:16]} Rd6 {[%clk 0:54:57]} 22. Rxd6
{[%clk 1:01:03]} Qxd6 {[%clk 0:55:02]} 23. Kf1 {[%clk 0:59:17]} Qc7
{[%clk 0:44:57]} 24. Qd3 {[%clk 0:56:46]} g6 {[%clk 0:39:24]} 25. Ke2
{[%clk 0:53:44]} Qc8 {[%clk 0:35:15]} 26. Nd2 {[%clk 0:46:47]} Kg7
{[%clk 0:19:26]} 27. Bd5 {[%clk 0:46:25]} Bc6 {[%clk 0:18:42]} 28. Bxc6
{[%clk 0:39:46]} Qxc6 {[%clk 0:18:41]} 29. Nc4 {[%clk 0:39:55]} Bf6
{[%clk 0:18:13]} 30. b3 {[%clk 0:40:06]} h5 {[%clk 0:14:12]} 31. Qd6
{[%clk 0:39:43]} Qxd6 {[%clk 0:13:47]} 32. Nxd6 {[%clk 0:40:00]} Bd8
{[%clk 0:13:27]} 33. Nb7 {[%clk 0:38:06]} 1-0

[Event "WCO 2016"]
[Site "?"]
[Date "2016.09.13"]
[Round "11"]
[Board "27"]
[WhiteID "7400713"]
[White "Smith Shreyas"]
[BlackID "14300494"]
[Black "Van den Heever Donovan"]
[Result "1-0"]
[BlackElo "2247"]
[WhiteElo "2146"]
[LiveChessVersion "1.4.8"]

1. e4 {[%clk 1:30:57]} d6 {[%clk 1:30:51]} 2. Nf3 {[%clk 1:30:44]} Nf6
{[%clk 1:30:54]} 3. Nc3 {[%clk 1:31:07]} c6 {[%clk 1:29:56]} 4. d4
{[%clk 1:31:18]} Bg4 {[%clk 1:27:38]} 5. h3 {[%clk 1:27:40]} Bh5 {[%clk 1:27:01]}
6. g4 {[%clk 1:24:45]} Bg6 {[%clk 1:27:23]} 7. Bd3 {[%clk 1:25:07]} Qc7
{[%clk 1:23:21]} 8. e5 {[%clk 1:19:37]} Bxd3 {[%clk 1:20:49]} 9. Qxd3
{[%clk 1:19:38]} Nd5 {[%clk 1:21:06]} 10. Nxd5 {[%clk 1:09:29]} cxd5
{[%clk 1:21:30]} 11. e6 {[%clk 1:09:55]} f6 {[%clk 1:16:25]} 12. c3
{[%clk 1:09:40]} Na6 {[%clk 1:11:46]} 13. O-O {[%clk 1:08:46]} O-O-O
{[%clk 1:05:37]} 14. Bf4 {[%clk 1:02:08]} Qc6 {[%clk 1:03:46]} 15. a4
{[%clk 1:01:19]} Nc7 {[%clk 1:03:59]} 16. Rfe1 {[%clk 1:01:39]} g6
{[%clk 0:54:44]} 17. b4 {[%clk 0:57:20]} h5 {[%clk 0:49:57]} 18. g5
{[%clk 0:53:58]} fxg5 {[%clk 0:46:00]} 19. Bxg5 {[%clk 0:53:59]} Bh6
{[%clk 0:45:57]} 20. b5 {[%clk 0:53:44]} Qb6 {[%clk 0:42:34]} 21. Qe3
{[%clk 0:50:55]} Bxg5 {[%clk 0:41:51]} 22. Nxg5 {[%clk 0:51:18]} Rdf8
{[%clk 0:42:03]} 23. Reb1 {[%clk 0:50:22]} Qa5 {[%clk 0:40:31]} 24. Nf7
{[%clk 0:40:07]} Rhg8 {[%clk 0:40:39]} 25. b6 {[%clk 0:40:09]} axb6
{[%clk 0:40:48]} 26. Rb4 {[%clk 0:40:31]} g5 {[%clk 0:39:12]} 27. Rab1
{[%clk 0:40:41]} b5 {[%clk 0:39:05]} 28. c4 {[%clk 0:35:18]} dxc4
{[%clk 0:34:15]} 29. Qe4 {[%clk 0:35:38]} d5 {[%clk 0:32:15]} 30. Qe5
{[%clk 0:36:02]} c3 {[%clk 0:19:22]} 31. axb5 {[%clk 0:16:33]} c2
{[%clk 0:12:06]} 32. b6 {[%clk 0:16:36]} cxb1=Q+ {[%clk 0:12:22]} 33. Rxb1
{[%clk 0:16:58]} Qc3 {[%clk 0:12:33]} 34. bxc7 {[%clk 0:16:12]} g4
{[%clk 0:08:48]} 35. Qxd5 {[%clk 0:10:49]} gxh3+ {[%clk 0:09:06]} 36. Kh2
{[%clk 0:10:33]} Qxc7+ {[%clk 0:06:10]} 37. Kxh3 {[%clk 0:09:50]} Qc6
{[%clk 0:03:04]} 38. Rb5 {[%clk 0:08:38]} Qxd5 {[%clk 0:02:32]} 39. Rxd5
{[%clk 0:09:03]} Rg6 {[%clk 0:02:08]} 40. Rc5+ {[%clk 0:39:08]} Kb8
{[%clk 0:31:41]} 41. Ne5 {[%clk 0:39:29]} Rxe6 {[%clk 0:24:20]} 42. Nd7+
{[%clk 0:39:49]} Ka7 {[%clk 0:24:48]} 43. Nxf8 {[%clk 0:39:14]} Rd6
{[%clk 0:25:04]} 44. Rxh5 {[%clk 0:37:09]} Rxd4 {[%clk 0:24:52]} 45. Re5
{[%clk 0:37:16]} Ka6 {[%clk 0:19:14]} 46. Ng6 {[%clk 0:36:33]} b5
{[%clk 0:17:53]} 47. Nxe7 {[%clk 0:36:19]} b4 {[%clk 0:16:53]} 48. Nc6
{[%clk 0:35:12]} Rc4 {[%clk 0:16:52]} 49. Nxb4+ {[%clk 0:33:26]} Rxb4
{[%clk 0:17:19]} 50. Kg3 {[%clk 0:33:30]} Kb6 {[%clk 0:17:33]} 51. Rd5
{[%clk 0:33:02]} Kc6 {[%clk 0:16:48]} 52. Rd3 {[%clk 0:32:25]} Rb7
{[%clk 0:16:54]} 53. f4 {[%clk 0:31:27]} Rg7+ {[%clk 0:12:26]} 54. Kf3
{[%clk 0:31:41]} Rg1 {[%clk 0:11:49]} 55. f5 {[%clk 0:30:01]} Rg5
{[%clk 0:06:45]} 56. Kf4 {[%clk 0:30:17]} Rh5 {[%clk 0:06:53]} 1-0

[Event "WCO 2016"]
[Site "?"]
[Date "2016.09.13"]
[Round "11"]
[Board "28"]
[WhiteID "14300133"]
[White "Klaasen Calvin Jong"]
[BlackID "7400500"]
[Black "Wilson Brandon"]
[Result "1/2-1/2"]
[BlackElo "2074"]
[WhiteElo "2177"]
[LiveChessVersion "1.4.8"]

1. d4 {[%clk 1:30:57]} Nf6 {[%clk 1:30:49]} 2. Nf3 {[%clk 1:31:13]} c5
{[%clk 1:31:06]} 3. c4 {[%clk 1:31:39]} cxd4 {[%clk 1:30:55]} 4. Nxd4
{[%clk 1:32:05]} g6 {[%clk 1:30:59]} 5. Nc3 {[%clk 1:32:15]} Bg7 {[%clk 1:31:15]}
6. g3 {[%clk 1:32:34]} Nc6 {[%clk 1:31:08]} 7. Bg2 {[%clk 1:32:59]} O-O
{[%clk 1:31:07]} 8. O-O {[%clk 1:33:25]} Qb6 {[%clk 1:25:26]} 9. Nb3
{[%clk 1:22:41]} d6 {[%clk 1:20:22]} 10. Bd2 {[%clk 1:09:39]} Be6
{[%clk 1:16:21]} 11. Nd5 {[%clk 1:09:40]} Qd8 {[%clk 1:06:22]} 12. Bc3
{[%clk 1:05:03]} Bxd5 {[%clk 0:58:39]} 13. cxd5 {[%clk 1:05:28]} Nb8
{[%clk 0:58:36]} 14. Ba5 {[%clk 0:56:32]} Qd7 {[%clk 0:56:24]} 15. Nd4
{[%clk 0:51:43]} Na6 {[%clk 0:53:59]} 16. e4 {[%clk 0:49:02]} Nc5
{[%clk 0:50:58]} 17. Re1 {[%clk 0:49:13]} Qa4 {[%clk 0:46:57]} 18. Qxa4
{[%clk 0:47:01]} Nxa4 {[%clk 0:46:44]} 19. b3 {[%clk 0:47:02]} Nc5
{[%clk 0:44:21]} 20. Rad1 {[%clk 0:46:00]} b6 {[%clk 0:28:44]} 21. Bc3
{[%clk 0:45:16]} Rac8 {[%clk 0:24:26]} 22. Ba1 {[%clk 0:45:30]} a5
{[%clk 0:19:17]} 23. f3 {[%clk 0:42:12]} Nfd7 {[%clk 0:11:56]} 24. Bf1
{[%clk 0:39:51]} Bxd4+ {[%clk 0:10:56]} 25. Bxd4 {[%clk 0:40:05]} Rb8
{[%clk 0:09:12]} 26. Bb5 {[%clk 0:32:52]} Rfd8 {[%clk 0:06:05]} 27. Kg2
{[%clk 0:31:04]} Nf6 {[%clk 0:05:05]} 28. Rc1 {[%clk 0:28:55]} Kf8
{[%clk 0:04:36]} 29. Rc3 {[%clk 0:29:11]} Ne8 {[%clk 0:04:34]} 30. Bc6
{[%clk 0:26:05]} Nc7 {[%clk 0:04:35]} 31. f4 {[%clk 0:26:02]} N7a6
{[%clk 0:04:42]} 32. a3 {[%clk 0:19:12]} b5 {[%clk 0:04:54]} 33. Rce3
{[%clk 0:19:39]} b4 {[%clk 0:03:51]} 34. a4 {[%clk 0:19:11]} Rbc8
{[%clk 0:03:53]} 35. Bb5 {[%clk 0:15:03]} Nb8 {[%clk 0:03:34]} 36. g4
{[%clk 0:10:57]} Ncd7 {[%clk 0:02:46]} 37. Bc4 {[%clk 0:09:40]} Rxc4
{[%clk 0:01:55]} 38. bxc4 {[%clk 0:10:01]} Rc8 {[%clk 0:02:17]} 39. e5
{[%clk 0:07:56]} Rxc4 {[%clk 0:02:29]} 40. Re4 {[%clk 0:37:54]} Nc5
{[%clk 0:31:23]} 41. Bxc5 {[%clk 0:34:48]} Rxe4 {[%clk 0:31:03]} 42. Rxe4
{[%clk 0:35:12]} dxc5 {[%clk 0:30:55]} 43. Kf3 {[%clk 0:34:12]} e6
{[%clk 0:24:22]} 44. dxe6 {[%clk 0:28:17]} fxe6 {[%clk 0:24:38]} 45. Ke3
{[%clk 0:28:09]} Ke7 {[%clk 0:24:20]} 46. Kd3 {[%clk 0:28:04]} Kd7
{[%clk 0:24:43]} 47. Kc4 {[%clk 0:27:31]} Kc6 {[%clk 0:24:19]} 48. f5
{[%clk 0:27:29]} Nd7 {[%clk 0:20:14]} 49. f6 {[%clk 0:25:17]} Nb6+
{[%clk 0:20:09]} 50. Kb3 {[%clk 0:24:21]} Kd7 {[%clk 0:20:25]} 51. g5
{[%clk 0:19:16]} Ke8 {[%clk 0:18:12]} 52. Kc2 {[%clk 0:12:27]} Kf8
{[%clk 0:17:48]} 53. Re1 {[%clk 0:11:36]} Nc4 {[%clk 0:12:31]} 54. Re2
{[%clk 0:07:48]} Nb6 {[%clk 0:10:35]} 55. Rd2 {[%clk 0:06:00]} c4
{[%clk 0:06:00]} 56. Rd6 {[%clk 0:04:02]} Nxa4 {[%clk 0:05:37]} 57. Rxe6
{[%clk 0:01:42]} b3+ {[%clk 0:04:14]} 58. Kc1 {[%clk 0:01:56]} Nc5
{[%clk 0:02:54]} 59. Rc6 {[%clk 0:02:01]} Nd3+ {[%clk 0:03:08]} 60. Kd2
{[%clk 0:02:13]} Nxe5 {[%clk 0:00:48]} 61. Rc8+ {[%clk 0:02:19]} Kf7 62. Kc3
{[%clk 0:02:42]} Nf3 {[%clk 0:01:06]} 63. Rc7+ {[%clk 0:02:19]} Kg8
{[%clk 0:01:11]} 64. Rc8+ {[%clk 0:01:08]} Kf7 {[%clk 0:01:40]} 65. Rc7+
{[%clk 0:01:32]} Kg8 {[%clk 0:02:01]} 66. Rc5 {[%clk 0:00:33]} a4
{[%clk 0:01:30]} 67. Rxc4 {[%clk 0:00:37]} Nxg5 {[%clk 0:01:02]} 68. Rxa4
{[%clk 0:00:47]} Kf7 {[%clk 0:00:42]} 69. Rf4 {[%clk 0:00:36]} h5
{[%clk 0:00:39]} 70. Kxb3 {[%clk 0:00:49]} Nh7 {[%clk 0:00:56]} 71. Kc4
{[%clk 0:00:50]} Nxf6 {[%clk 0:01:21]} 72. Kd4 {[%clk 0:01:02]} g5
{[%clk 0:01:37]} 73. Rf1 {[%clk 0:00:51]} Ke6 {[%clk 0:01:35]} 74. h3
{[%clk 0:00:41]} h4 {[%clk 0:01:29]} 75. Ke3 {[%clk 0:00:44]} g4 {[%clk 0:01:43]}
76. hxg4 {[%clk 0:00:40]} Nxg4+ {[%clk 0:02:03]} 77. Kf4 {[%clk 0:00:38]} Nf6
{[%clk 0:02:18]} 78. Re1+ {[%clk 0:00:50]} Kd7 {[%clk 0:01:52]} 79. Kg5
{[%clk 0:01:04]} Ne8 {[%clk 0:01:53]} 80. Kxh4 {[%clk 0:01:29]} Kd8
{[%clk 0:02:01]} 81. Kg5 {[%clk 0:01:55]} Nc7 {[%clk 0:01:56]} 82. Kf6
{[%clk 0:02:21]} Ne8+ {[%clk 0:02:11]} 83. Ke6 {[%clk 0:02:47]} Nc7+
{[%clk 0:02:11]} 84. Kd6 {[%clk 0:03:05]} Ne8+ {[%clk 0:02:10]} 85. Kc6
{[%clk 0:03:32]} Ng7 {[%clk 0:02:00]} 86. Rg1 {[%clk 0:03:26]} Ne8
{[%clk 0:01:53]} 1/2-1/2

[Event "WCO 2016"]
[Site "?"]
[Date "2016.09.13"]
[Round "11"]
[Board "25"]
[WhiteID "654183"]
[White "Villegas Pierre"]
[BlackID "5600189"]
[Black "Pace Colin"]
[Result "1-0"]
[BlackElo "2172"]
[WhiteElo "2329"]
[LiveChessVersion "1.4.8"]

1. c4 {[%clk 1:30:56]} f5 {[%clk 1:27:17]} 2. b3 {[%clk 1:30:56]} d6
{[%clk 1:25:49]} 3. Bb2 {[%clk 1:30:51]} e5 {[%clk 1:25:44]} 4. d4
{[%clk 1:31:14]} e4 {[%clk 1:23:16]} 5. e3 {[%clk 1:28:10]} Nf6 {[%clk 1:23:05]}
6. Nc3 {[%clk 1:25:11]} Be6 {[%clk 1:11:27]} 7. d5 {[%clk 1:16:10]} Bf7
{[%clk 1:11:08]} 8. Nge2 {[%clk 1:14:23]} c6 {[%clk 1:01:14]} 9. Qd2
{[%clk 1:09:29]} c5 {[%clk 0:50:16]} 10. f3 {[%clk 0:55:40]} exf3
{[%clk 0:46:18]} 11. gxf3 {[%clk 0:56:06]} Nbd7 {[%clk 0:46:28]} 12. Bg2
{[%clk 0:53:11]} g6 {[%clk 0:39:09]} 13. Nf4 {[%clk 0:51:35]} Ne5
{[%clk 0:37:29]} 14. Ne6 Bxe6 {[%clk 0:29:49]} 15. dxe6 {[%clk 0:49:17]} Be7
{[%clk 0:28:57]} 16. f4 {[%clk 0:48:00]} Nc6 {[%clk 0:29:23]} 17. Nd5
{[%clk 0:47:21]} O-O {[%clk 0:29:43]} 18. O-O-O {[%clk 0:46:02]} Nxd5
{[%clk 0:28:20]} 19. Bxd5 {[%clk 0:40:38]} Qa5 {[%clk 0:25:20]} 20. Qxa5
{[%clk 0:36:25]} Nxa5 {[%clk 0:25:48]} 21. Rdg1 {[%clk 0:36:47]} Nc6
{[%clk 0:24:02]} 22. a3 {[%clk 0:35:38]} g5 {[%clk 0:19:17]} 23. Rg3
{[%clk 0:21:48]} h6 {[%clk 0:17:40]} 24. Rhg1 {[%clk 0:21:06]} Kh7
{[%clk 0:12:47]} 25. h4 {[%clk 0:20:21]} g4 {[%clk 0:11:49]} 26. Rxg4
{[%clk 0:20:35]} fxg4 {[%clk 0:10:59]} 27. Be4+ {[%clk 0:20:49]} Kg8
{[%clk 0:11:17]} 28. Rxg4+ {[%clk 0:21:16]} Bg5 {[%clk 0:11:31]} 29. hxg5
{[%clk 0:21:36]} 1-0

[Event "WCO 2016"]
[Site "?"]
[Date "2016.09.13"]
[Round "11"]
[Board "26"]
[WhiteID "5600278"]
[White "Gauci Joseph"]
[BlackID "806404"]
[Black "Efimov Igor"]
[Result "0-1"]
[BlackElo "2374"]
[WhiteElo "2151"]
[LiveChessVersion "1.4.8"]

1. d4 {[%clk 1:30:55]} g6 {[%clk 1:30:22]} 2. g3 {[%clk 1:30:19]} Bg7
{[%clk 1:29:36]} 3. Bg2 {[%clk 1:30:17]} d6 {[%clk 1:29:05]} 4. Nf3
{[%clk 1:29:22]} Nd7 {[%clk 1:24:20]} 5. c4 {[%clk 1:27:26]} e5 {[%clk 1:19:15]}
6. Nc3 {[%clk 1:26:59]} Ngf6 {[%clk 1:15:59]} 7. O-O {[%clk 1:26:52]} O-O
{[%clk 1:16:26]} 8. h3 {[%clk 1:25:35]} c6 {[%clk 1:15:20]} 9. e4
{[%clk 1:24:11]} a6 {[%clk 1:08:50]} 10. Be3 {[%clk 1:16:15]} b5 {[%clk 1:06:33]}
11. dxe5 {[%clk 1:09:10]} dxe5 {[%clk 0:47:47]} 12. Qd6 {[%clk 1:07:06]} Bb7
{[%clk 0:48:04]} 13. Rfd1 {[%clk 0:57:09]} Re8 {[%clk 0:44:27]} 14. a3
{[%clk 0:53:34]} Bf8 {[%clk 0:32:05]} 15. Qd2 {[%clk 0:50:54]} Qc7
{[%clk 0:25:58]} 16. Rac1 {[%clk 0:48:52]} b4 {[%clk 0:24:12]} 17. axb4
{[%clk 0:48:43]} Bxb4 {[%clk 0:24:40]} 18. Ne1 {[%clk 0:46:25]} Nc5
{[%clk 0:23:08]} 19. Qc2 {[%clk 0:39:57]} a5 {[%clk 0:20:09]} 20. Nd3
{[%clk 0:36:36]} Ne6 {[%clk 0:20:11]} 21. Nxb4 {[%clk 0:36:11]} axb4
{[%clk 0:20:40]} 22. Ne2 {[%clk 0:32:53]} c5 {[%clk 0:20:52]} 23. f3
{[%clk 0:31:02]} Nd7 {[%clk 0:19:43]} 24. h4 {[%clk 0:30:52]} Nd4
{[%clk 0:17:48]} 25. Nxd4 {[%clk 0:31:04]} exd4 {[%clk 0:16:04]} 26. Bf4
{[%clk 0:30:55]} Ne5 {[%clk 0:15:25]} 27. Qd2 {[%clk 0:26:28]} Qe7
{[%clk 0:14:59]} 28. Kf2 {[%clk 0:21:57]} f6 {[%clk 0:13:13]} 29. Bxe5
{[%clk 0:16:22]} fxe5 {[%clk 0:12:04]} 30. Ra1 {[%clk 0:15:35]} Qf7
{[%clk 0:10:20]} 31. Qd3 {[%clk 0:14:56]} Ba6 {[%clk 0:10:04]} 32. Rdc1
{[%clk 0:14:40]} Bxc4 {[%clk 0:10:16]} 33. Qc2 {[%clk 0:14:22]} b3
{[%clk 0:09:53]} 34. Qd2 {[%clk 0:13:43]} Ra2 {[%clk 0:10:15]} 35. h5
{[%clk 0:12:12]} Be6 {[%clk 0:09:50]} 36. hxg6 {[%clk 0:11:57]} Qxg6
{[%clk 0:09:38]} 37. Rxa2 {[%clk 0:10:49]} bxa2 {[%clk 0:10:07]} 38. Qa5
{[%clk 0:11:06]} Qg5 {[%clk 0:09:56]} 39. Re1 {[%clk 0:09:25]} Rb8
{[%clk 0:10:10]} 40. Qa3 {[%clk 0:34:53]} Qd2+ {[%clk 0:40:19]} 41. Re2
{[%clk 0:34:41]} Qc1 {[%clk 0:40:17]} 42. Qa6 {[%clk 0:34:08]} Bc4
{[%clk 0:32:14]} 43. Qf6 {[%clk 0:33:07]} a1=Q {[%clk 0:32:21]} 0-1